Los límites de la ciudad

Detalhes bibliográficos
Autor principal: Bookchin, Murray
Formato: Kit
Idioma:Spanish
Colecção:Arquitectura, urbanismo, sociedad
Assuntos:

MARC

LEADER 00000cac a2200000 a 4500
001 70168
003 Ucuenca
005 20230308162411.0
008 000000|1978 sp |||||r|||||||||||spa||
040 |b spa 
041 1 |a spa 
082 0 |a 711 
100 1 |a Bookchin, Murray.  |9 33992 
245 1 1 |a Los límites de la ciudad  |c Murray Bookchin. Traductor José Corral  |h imp 
264 |a Madrid  |b Blume  |c 1978 
300 |a 127 páginas:  |c 21 cm 
490 |a Arquitectura, urbanismo, sociedad 
650 1 7 |a Urbanismo  |9 110 
650 1 |a Ciudades  |9 5707 
852 |a UC-CDJBV  |f Compra  |l 1  |m General  |p 00000000  |r 2  |t 70168  |b 0  |d CDRC  |e CDRC  |g 711 SEGUNDO PISO  |z 0000-00-00 
942 |c BK 
999 |c 17971  |d 17971